000 00735nam a2200217Ia 4500
003 GCL
008 140319s9999 xx 000 0 ara d
040 _aGCL /
_cGCL
082 0 4 _a778.53
_bا ق
100 1 _aاحمد الحضرى
245 1 0 _aقواعد اللغة السينمائية /
_cاحمد الحضرى
700 1 _aاريخون، دانييل
300 _a639 ص
490 _aالالف كتاب الثانى
_v0
650 0 4 _aالافلام السينمائية
650 0 4 _aالتصوير السينمائى
650 0 4 _aالات التصوير السينمائى
650 0 4 _aالتصوير السينمائى - ميكنة
650 0 4 _aالتصوير السينمائى - اضاءة
942 _2ddc
_cBK
999 _c52090
_d52090